00222nam a2200085Ia 4500008004100000100002000041245002700061260004000088300000800128201217s9999 xx 000 0 und d aReid, George H. 0aShiphandling With Tugs aCentrevillebCornell Maritime Press a265